Vista normal Vista MARC

Entrada Topical Term

Número de registros utilizados en: 5

001 - CONTROL NUMBER

  • control field: 63244

003 - CONTROL NUMBER IDENTIFIER

  • control field: OSt

005 - DATE AND TIME OF LATEST TRANSACTION

  • control field: 20250822201859.0

008 - FIXED-LENGTH DATA ELEMENTS

  • fixed length control field: 250822|| aca||aabn | a|a d

040 ## - CATALOGING SOURCE

  • Original cataloging agency: OSt
  • Transcribing agency: OSt

150 ## - HEADING--TOPICAL TERM

  • Topical term or geographic name entry element: Cuentos juveniles colombianos
  • Chronological subdivision: Siglo XX

670 ## - SOURCE DATA FOUND

  • Source citation: Work cat.: (OSt)58448: Canal Ramírez, Gonzalo, 1916-1994 63243, Relatos para muchachos /









Instituto Departamental de Cultura del Meta - Red Departamental de Bibliotecas Públicas del Meta.